000 00770nam a2200217 a 4500
005 20210223130533.0
008 080624s1971 mx r 000 0 spa d
035 _aUPN01000157538
049 _aUNE
080 _a362.17 (72) "1971" LEÑ.
100 1 _aLeñero Otero, Luis,
_d1934-
_928983
245 1 0 _aInvestigación de la familia en México :
_bpresentación y avance de resultados de una encuesta nacional /
_cLuis Leñero Otero.
250 _a2a ed.
260 _aMéxico :
_bInstituto Mexicano de Estudios Sociales, A. C.,
_c1971.
300 _a359 p. :
_bfot.
690 _aFamilia - México
690 _aPlanificación de la familia - México
690 _aMéxico - Familia
710 2 _aInstituto Mexicano de Estudios Sociales, A.C.
905 _aUNESCO
999 _c129652
_d129652